Geography Quiz

Random Geography or World Quiz

Multiple Guess World Geography Quiz Stats

 Plays Quiz Updated Dec 6, 2018

Challenge
Share
Tweet
Score 0/100 Timer 10:00
4 Plays Today
Hint Answer % Correct
???
99.7%
D1) ???
96.4%
???
95.8%
A2) ???
94.7%
???
94.6%
A3) ???
94.1%
???
94%
C4) ???
93.7%
???
93.7%
B5) ???
93.4%
???
93.4%
B6) ???
93.2%
???
93.2%
D7) ???
93%
???
92.9%
C8) ???
92.8%
???
92.8%
A9) ???
92.7%
???
92.7%
C10) ???
92.5%
???
92.5%
D11) ???
92.3%
???
92.3%
B12) ???
92.2%
???
92.2%
A13) ???
92%
???
92%
D14) ???
91.8%
???
91.8%
A15) ???
91.5%
???
91.5%
C16) ???
91.2%
???
91.2%
C17) ???
91.1%
Hint Answer % Correct
???
91.1%
B18) ???
90.8%
???
90.8%
D19) ???
90.7%
???
90.6%
C20) ???
90.3%
B9) ???
90.3%
D5) ???
87.5%
D9) ???
85.3%
D6) ???
84.9%
C3) ???
84.1%
A19) ???
83.3%
C5) ???
81.8%
D3) ???
81.1%
D18) ???
80.8%
B3) ???
80.8%
C11) ???
80.7%
C6) ???
79.1%
A7) ???
77.5%
A14) ???
77.4%
B11) ???
77.4%
A12) ???
75.9%
B7) ???
75.8%
C7) ???
75.5%
A17) ???
74.8%
D4) ???
74.2%
D17) ???
73.9%
A20) ???
73.4%
B4) ???
73.3%
B17) ???
73%
C9) ???
72.9%
A18) ???
71.3%
B8) ???
69.2%
B14) ???
67.1%
Hint Answer % Correct
B20) ???
67%
D20) ???
66.4%
B13) ???
65.9%
D2) ???
65.8%
A4) ???
65.2%
A11) ???
65.2%
A6) ???
64.7%
B15) ???
63.5%
D8) ???
63.1%
C2) ???
62.4%
C1) ???
62.1%
C12) ???
61.3%
A8) ???
60.5%
D10) ???
60.2%
D12) ???
58.6%
A5) ???
57%
C15) ???
54.7%
B2) ???
54.5%
D15) ???
53.3%
B19) ???
52.2%
C18) ???
49%
A16) ???
48.8%
C19) ???
48.8%
B10) ???
46.8%
D16) ???
44.3%
D13) ???
44%
B16) ???
42.2%
C14) ???
40.6%
A1) ???
38.7%
A10) ???
37.5%
B1) ???
36.6%
C13) ???
25.5%

You're not logged in!

Compare scores with friends on all Sporcle quizzes.
OR
Log In

You Might Also Like...

Show Comments

Extras

Top Quizzes Today


Score Distribution

Your Account Isn't Verified!

In order to create a playlist on Sporcle, you need to verify the email address you used during registration. Go to your Sporcle Settings to finish the process.

Report this User

Report this user for behavior that violates our Community Guidelines.

Details: